书目信息 |
| 题名: |
我景仰的人
|
|
| 作者: | ;中共中央马克思恩格斯列宁斯大林著作编译局 编译 | |
| 分册: | ||
| 出版信息: | 北京 人民出版社 1982 |
|
| 页数: | 216页 | |
| 开本: | 18cm | |
| 丛书名: | 回忆马克思恩格斯 | |
| 单 册: | ||
| 中图分类: | A7 | |
| 科图分类: | ||
| 主题词: | 马克思--传记 , 恩格斯--生平事迹 , 马克思--生事迹 , 列宁--生平事迹 , 列宁--传记 , 恩格斯--传记 , 毛泽--传记 , 毛泽东--生平事迹 | |
| 电子资源: | ||
| ISBN: | ||
| 000 | 01019nam0 2200337 45 | |
| 001 | 0182006079 | |
| 005 | 20060817085436.56 | |
| 010 | @dCNY0.84 | |
| 091 | @a11001.525 | |
| 100 | @a19950413d1982 em y0chiy0121 ea | |
| 101 | 1 | @achi@cger |
| 102 | @aCN@b110000 | |
| 105 | @af z 000yb | |
| 200 | 10 | @a我景仰的人@Awo jing yang de ren@f中共中央马克思恩格斯列宁斯大林著作编译局编译 |
| 210 | @a北京@c人民出版社@d1982 | |
| 215 | @a216页@c照片@d18cm | |
| 225 | @a回忆马克思恩格斯@hⅡ | |
| 410 | @12001 @a回忆马克思恩格斯 | |
| 606 | 0 | @a马克思@x传记 |
| 606 | 0 | @a恩格斯@x生平事迹 |
| 606 | 0 | @a马克思@x生事迹 |
| 606 | 0 | @a列宁@x生平事迹 |
| 606 | 0 | @a列宁@x传记 |
| 606 | 0 | @a恩格斯@x传记 |
| 606 | 0 | @a毛泽@x传记 |
| 606 | 0 | @a毛泽东@x生平事迹 |
| 690 | @aA7 | |
| 711 | 02 | @a中共中央马克思恩格斯列宁斯大林著作编译局@Azhong gong zhong yang ma ke si en ge si lie ning si da lin zhu zuo bian yi ju@4编译 |
| 801 | 2 | @aCN@bNLC@c20060817 |
| 801 | 0 | @aCN@b上海图书馆@c20031225 |
| 905 | @f1@b81000@dA7@e22:2 | |
| 我景仰的人/中共中央马克思恩格斯列宁斯大林著作编译局编译.-北京:人民出版社,1982 |
| 216页:照片;18cm.-(回忆马克思恩格斯.Ⅱ) |
| ISBN :CNY0.84 |
| ● |
| 相关链接 |
|
|
|
|
正题名:我景仰的人
索取号:A7/22:2
 
预约/预借
| 序号 | 登录号 | 条形码 | 馆藏地/架位号 | 状态 | 备注 |
| 1 | 0080996 | 001866449 | 密集书库/ [索取号:A7/22:2] | 在馆 | |
| 2 | 0080997 | 001866485 | 密集书库/ [索取号:A7/22:2] | 在馆 | |
| 3 | 0080998 | 000956497 | 第一借阅区/ [索取号:A7/22:2] | 在馆 | |
| 4 | 0080999 | 000956530 | 第一借阅区/ [索取号:A7/22:2] | 在馆 | |
| 5 | 0081000 | 001855111 | 密集书库/ [索取号:A7/22:2] | 在馆 | |
| 6 | 0465214 | 204652143 | 密集书库/ [索取号:A7/22:2] | 在馆 |